Evaluación pre-terminal: Programa para el Fortalecimiento de la Capacidad Regional de Evaluación de los Proyectos de Reducción de la Pobreza Rural en América Latina y el Caribe /

Guardado en:
Bibliografiske detaljer
Hovedforfatter: Damiani, Octavio
Institution som forfatter: Fondo Internacional de Desarrollo Agrícola. Oficina de Evaluación y Estudios
Andre forfattere: consult, Cornejo, Arturo, Silveri, Paolo, coord
Format: Texto
Udgivet: s.l.: FIDA
Fag:
Tags: Tilføj Tag
Ingen Tags, Vær først til at tagge denne postø!

MARC

LEADER 00000 a a2200000 04500
001 11531
003
040
090 |a 139900  
100 |a Damiani, Octavio  
110 |a Fondo Internacional de Desarrollo Agrícola. Oficina de Evaluación y Estudios  
245 |a Evaluación pre-terminal: Programa para el Fortalecimiento de la Capacidad Regional de Evaluación de los Proyectos de Reducción de la Pobreza Rural en América Latina y el Caribe /  |c Octavio Damiani 
260 |a s.l.:   |b FIDA  
300 |a xiii, 21 p.  
650 |a EVALUACION DE PROGRAMAS  
650 |a POBREZA  
650 |a ZONA RURAL  
650 |a TECNOLOGIA  
650 |a CAPACITACION  
650 |a ESTADOS FINANCIEROS  
650 |a EJECUCION DE PROYECTOS  
700 |a consult  
700 |a Cornejo, Arturo  
700 |a consult  
700 |a Silveri, Paolo  
700 |a coord  
999 |c 1514  |d 1514